| Tag |
First Indicator |
Second Indicator |
Subfields |
| LEADER |
00000cem a2200000 a 4500 |
| 001 |
in00001060430 |
| 005 |
20150929104331.0 |
| 007 |
aj aanzn |
| 008 |
920205s1991 vauag bh a f 1 eng d |
| 010 |
|
|
|a (DG92066656
|
| 034 |
1 |
|
|a a
|b 250000
|d W1160000
|e W1140000
|f N0410000
|g N0400000
|
| 035 |
|
|
|a (OCoLC)25218283
|
| 035 |
|
|
|9 AFP8573AM
|
| 040 |
|
|
|a GIS
|c GIS
|d GPO
|d DLC
|d UtOrBLW
|
| 052 |
|
|
|a 4351
|
| 052 |
|
|
|a 4341
|
| 074 |
|
|
|a 619-G-11
|
| 086 |
0 |
|
|a I 19.113:MF-2179
|
| 090 |
|
|
|a G3700 svar
|b .G453 MF-2179
|
| 110 |
2 |
|
|a Geological Survey (U.S.)
|
| 245 |
1 |
0 |
|a Reconnaissance photogeologic map of young faults in the Elko 1 by 2 quadrangle, Nevada and Utah /
|c Department of the Interior, U.S. Geological Survey ; by John C. Dohrenwend, Bruce A. Schell and Barry C. Moring.
|
| 255 |
|
|
|a Scale 1:250,000 ;
|b transverse Mercator proj.
|c (W 11600ʹ--W 11400ʹ/N 4100ʹ--N 4000ʹ).
|
| 264 |
|
1 |
|a Reston, Va. :
|b The Survey ;
|c 1991.
|
| 264 |
|
2 |
|a Denver, CO :
|b For sale by Map Distribution,
|
| 300 |
|
|
|a 1 map ;
|c 44 x 68 cm., on sheet 76 x 91 cm., folded in envelope 30 x 24 cm.
|
| 336 |
|
|
|a cartographic image
|b cri
|2 rdacontent
|
| 337 |
|
|
|a unmediated
|b n
|2 rdamedia
|
| 338 |
|
|
|a sheet
|b nb
|2 rdacarrier
|
| 490 |
1 |
|
|a Miscellaneous field studies ;
|v map MF-2179
|
| 500 |
|
|
|a Relief shown by contours and spot heights.
|
| 500 |
|
|
|a "Mapped in 1988-90."
|
| 500 |
|
|
|a Includes text, bibliography, 2 tables, location map, index map, and diagram.
|
| 500 |
|
|
|a Cartographic material.
|
| 650 |
|
0 |
|a Faults (Geology)
|z Nevada
|z Elko Region
|x Maps.
|
| 650 |
|
0 |
|a Faults (Geology)
|z Utah
|x Maps.
|
| 700 |
1 |
|
|a Dohrenwend, John C.
|
| 700 |
1 |
|
|a Moring, Barry C.
|
| 700 |
1 |
|
|a Schell, Bruce A.
|
| 830 |
|
0 |
|a Miscellaneous field studies ;
|v map MF-2179.
|
| 948 |
|
|
|a cataloged
|b h
|c 2010/03/01
|e rharris
|f 01:54:16 pm
|
| 999 |
|
|
|a MARS
|
| 999 |
f |
f |
|s 40a3716f-5b36-3f25-aa25-e119dd33c1df
|i f8b7880c-17da-32cd-9fda-f1c869097df7
|t 0
|
| 952 |
f |
f |
|p normal
|a Texas A&M University
|b College Station
|c Sterling C. Evans Library
|d Evans: Maps File (2nd floor)
|t 0
|e I 19.113:MF-2179
|h Superintendent of Documents classification
|i unmediated -- sheet
|m A14815473435
|
| 998 |
f |
f |
|a I 19.113:MF-2179
|t 0
|l Evans: Maps File (2nd floor)
|